Peninsulas on the Map - Statistics

General Stats
  • This quiz has been taken 58,755 times
    58,716 since last reset
  • The average score is 13 of 20
Answers on the Map
Answers color-coded by a green-red scale on the quiz's map according to % correct below.
 
Answer Stats
Peninsula % Correct
Korean Peninsula
89%
Florida
88%
Iberia
88%
Arabia
86%
Fennoscandia
86%
Italian Peninsula
85%
Indian Subcontinent
73%
Baja California
72%
Balkans
72%
Horn of Africa
69%
Yucatán Peninsula
69%
Indochina
67%
Crimea
62%
Sinai
58%
Brittany
54%
Anatolia
49%
Jutland
48%
Kamchatka
44%
Labrador Peninsula
37%
Cape York Peninsula
16%
No matching quizzes found
Score Distribution
Percent of People with Each Score
Percentile by Number Answered
Your Score History
You have not taken this quiz since the last reset